An introduction to digital computer design/ (Record no. 10642)

MARC details
000 -LEADER
fixed length control field 03724 a2200445 4500
005 - DATE AND TIME OF LATEST TRANSACTION
control field 20090508103828.0
008 - FIXED-LENGTH DATA ELEMENTS--GENERAL INFORMATION
fixed length control field 090508t xxu||||| |||| 00| 0 eng d
010 ## - LCCN (DPL NO)
LC control number ENG-89445 B-308423-435
020 ## - INTERNATIONAL STANDARD BOOK NUMBER
International Standard Book Number 9788120334090
Terms of availability 325.00
035 ## - SYSTEM CONTROL NUMBER
System control number EN-72978
035 ## - SYSTEM CONTROL NUMBER
System control number B-308423-435
037 ## - SOURCE OF ACQUISITION
Source of stock number/acquisition DBAD / PUB
037 ## - SOURCE OF ACQUISITION
Source of stock number/acquisition UBH
040 ## - CATALOGING SOURCE
Original cataloging agency dpl
Language of cataloging English
082 ## - DEWEY DECIMAL CLASSIFICATION NUMBER
Classification number 621.392
100 ## - MAIN ENTRY--PERSONAL NAME
Personal name Rajaraman, V.
245 ## - TITLE STATEMENT
Title An introduction to digital computer design/
Statement of responsibility, etc by V. Rajaraman [ and ]T. Radhakrishnan
250 ## - EDITION STATEMENT
Edition statement 5th ed
260 ## - PUBLICATION, DISTRIBUTION, ETC. (IMPRINT)
Place of publication, distribution, etc New Delhi
Name of publisher, distributor, etc Prentice-Hall of India
Date of publication, distribution, etc 2008
270 ## - ADDRESS
Address M-97, Connaught Circus,
City New Delhi
State or province Delhi
Postal code 110001
300 ## - PHYSICAL DESCRIPTION
Extent xi, 512p.
Dimensions 23 cm. (pbk)
500 ## - GENERAL NOTE
General note Includes index.
700 ## - ADDED ENTRY--PERSONAL NAME
Personal name Radhakrishnan, T.
942 ## - ADDED ENTRY ELEMENTS (KOHA)
Institution code [OBSOLETE] dpl
Item type English Books
Call number prefix 621.392 / RAJ
Source of classification or shelving scheme Dewey Decimal Classification
Classification part 621.392
Call number suffix RAJ
Holdings
Withdrawn status Lost status Source of classification or shelving scheme Damaged status Not for loan Home library Current library Date acquired Cost, normal purchase price Total Checkouts Barcode Date last seen Cost, replacement price Koha item type Collection code Source of acquisition Full call number Copy number Total Renewals
    Dewey Decimal Classification     Central Jail Tihar Central Jail Tihar 08/05/2009 325.00   B-308430 08/05/2009 325.00 English Books Non-fiction UBH/273/19.12.08/250/12.12.08/23.12.08 621.392 RAJ 1  
    Dewey Decimal Classification     Central Library Central Library 08/05/2009 325.00   B-308423 08/05/2009 325.00 English Books Non-fiction UBH/273/19.12.08/250/12.12.08/23.12.08 621.392 RAJ 1  
    Dewey Decimal Classification     Andrews Gunj D.B.Act.Division 01/10/2008 325.00   EN-72978 15/09/2008 325.00 English Books          
    Dewey Decimal Classification     Karol Bagh Karol Bagh 08/05/2009 325.00   B-308433 08/05/2009 325.00 English Books Non-fiction UBH/273/19.12.08/250/12.12.08/23.12.08 621.392 RAJ 1  
    Dewey Decimal Classification     Kasturba Gandhi Marg Kasturba Gandhi Marg 08/05/2009 325.00   B-308427 08/05/2009 325.00 English Books Non-fiction UBH/273/19.12.08/250/12.12.08/23.12.08 621.392 RAJ 1  
    Dewey Decimal Classification     Mobile Library Mobile Library 08/05/2009 325.00   B-308424 08/05/2009 325.00 English Books Non-fiction UBH/273/19.12.08/250/12.12.08/23.12.08 621.392 RAJ 2  
    Dewey Decimal Classification     Mobile Library Mobile Library 08/05/2009 325.00   B-308425 08/05/2009 325.00 English Books Non-fiction UBH/273/19.12.08/250/12.12.08/23.12.08 621.392 RAJ 2  
    Dewey Decimal Classification     Narela Narela 08/05/2009 325.00   B-308435 08/05/2009 325.00 English Books Non-fiction UBH/273/19.12.08/250/12.12.08/23.12.08 621.392 RAJ 1  
    Dewey Decimal Classification     New Rohtak Road New Rohtak Road 08/05/2009 325.00   B-308434 08/05/2009 325.00 English Books Non-fiction UBH/273/19.12.08/250/12.12.08/23.12.08 621.392 RAJ 1  
    Dewey Decimal Classification     Patel Nagar Patel Nagar 08/05/2009 325.00   B-308426 08/05/2009 325.00 English Books Non-fiction UBH/273/19.12.08/250/12.12.08/23.12.08 621.392 RAJ 1  
    Dewey Decimal Classification     Patel Nagar Patel Nagar 08/05/2009 325.00 1 B-308431 25/02/2019 325.00 English Books Non-fiction UBH/273/19.12.08/250/12.12.08/23.12.08 621.392 RAJ 1 1
    Dewey Decimal Classification     Peshwa Road Peshwa Road 08/05/2009 325.00   B-308428 08/05/2009 325.00 English Books Non-fiction UBH/273/19.12.08/250/12.12.08/23.12.08 621.392 RAJ 1  
Withdrawn   Dewey Decimal Classification     Sarojini Nagar Sarojini Nagar 08/05/2009 325.00 55 B-308432 18/04/2016 325.00 English Books Non-fiction UBH/273/19.12.08/250/12.12.08/23.12.08 621.392 RAJ 1 4
    Dewey Decimal Classification     Tri Nagar Tri Nagar 08/05/2009 325.00   B-308429 08/05/2009 325.00 English Books Non-fiction UBH/273/19.12.08/250/12.12.08/23.12.08 621.392 RAJ 1  

© Delhi Public Library
Hit Counter
free hit counter